Oda jubilar: para el sexto centenario de la muerte de Dante

Αποθηκεύτηκε σε:
Λεπτομέρειες βιβλιογραφικής εγγραφής
Κύριος συγγραφέας: Claudel, Paul (Συγγραφέας)
Μορφή: Βιβλίο
Γλώσσα:Γαλλικά
Ισπανικά
Έκδοση: Buenos Aires Ediciones Revista del Sur 1979
Θέματα:
Ετικέτες: Προσθήκη ετικέτας
Δεν υπάρχουν, Καταχωρήστε ετικέτα πρώτοι!

MARC

LEADER 00000nam a2200000 a 4500
001 UCZ4015
003 CL-VaPUC
008 951106e19790000AG |||||||||||||||||fre|d
041 0 7 |a fre  |2 CL-VaPUC 
041 0 7 |a spa  |2 CL-VaPUC 
082 0 4 |a 841  |b CLA  |2 21 
100 0 |a Claudel, Paul  |e author  |9 333185 
245 1 0 |a Oda jubilar: para el sexto centenario de la muerte de Dante 
300 |a 89 p 
942 |c BK 
945 |d 19951106 00:00:00  |a rbrito 
260 |a Buenos Aires  |b Ediciones Revista del Sur  |c 1979 
650 0 |a Poesías francesas  |9 265467 
583 |a last modification  |c 19951106 00:00:00  |k Rodrigo Vera 
999 |c 240454  |d 240452 
952 |0 0  |1 0  |4 0  |6 841_000000000000000_CLA_1979  |7 0  |8 A  |9 252331  |a BIBEDU  |b BIBEDU  |d 2019-11-18  |i 3144658  |o 841 CLA 1979  |p 3144658  |r 2019-11-18  |w 2019-11-18  |y BK  |k LIT